Acta et decreta concilii plenarii Americae Latinae in urbe celebrati anno domini MDCCXCIX
Sparad:
| Institutionell upphovsman: | |
|---|---|
| Materialtyp: | Bok |
| Språk: | spanska latin |
| Publicerad: |
Roma
Libreria Editrice Vaticana
1999
|
| Ämnen: | |
| Taggar: |
Lägg till en tagg
Inga taggar, Lägg till första taggen!
|
MARC
| LEADER | 00000nam a2200000 a 4500 | ||
|---|---|---|---|
| 001 | UCM9270 | ||
| 003 | CL-VaPUC | ||
| 005 | 20240418122312.0 | ||
| 008 | 030417e19990000it 1 spa d | ||
| 041 | 0 | 7 | |a spa |2 CL-VaPUC |
| 041 | 0 | 7 | |a lat |2 CL-VaPUC |
| 082 | 0 | 4 | |a 262.91 |b PON |2 21 |
| 110 | 2 | |a Pontificia Commissio pro America Latina |e author |9 620303 | |
| 245 | 1 | 0 | |a Acta et decreta concilii plenarii Americae Latinae in urbe celebrati anno domini MDCCXCIX |
| 246 | 1 | 0 | |a Actas y decretos del Concilio Plenario de la América Latina |
| 260 | |a Roma |b Libreria Editrice Vaticana |c 1999 | ||
| 300 | |a 593 p | ||
| 583 | |a last modification |c 20030417 00:00:00 |k Rodrigo Vera | ||
| 600 | 0 | |a León XIII |9 310697 | |
| 650 | 0 | 0 | |a Concilios ecuménicos |9 399684 |
| 651 | 0 | |a América Latina |9 255027 | |
| 942 | |c BK | ||
| 945 | |a cmena |d 20030417 00:00:00 | ||
| 546 | |a En Español | ||
| 546 | |a En Latín | ||
| 518 | |p Concilio Plenario de la América Latina, Roma, 28 de mayo al 9 de julio de 1899 | ||
| 999 | |c 383864 |d 383862 | ||
| 952 | |0 0 |1 0 |4 0 |6 262_910000000000000_PON_1999 |7 0 |8 DER_HDC |9 506173 |a BIBDER |b BIBDER |d 2020-01-23 |i 3897710 |o 262.91 PON 1999 |p 3897710 |r 2023-01-25 |w 2020-01-23 |x Ubicación 4to Piso |y BK |z Estos recursos deben solicitarse con anticipación |k DER | ||